000
00278nam a22001097a 4500
008
170110b xxu||||| |||| 00| 0 eng d
020
_a
9780131383722
041
_a
eng
080
_a
618.2
245
_a
ELECTRONIC HEALTH RECORDS AND NURSING
_c
GARTEE, R & BEAL, SH
942
_2
udc
_c
BK
999
_c
2615
_d
2615